1429 1258 1225 1620 1138 1860 1520 1669 1323 1515 1264 1139 1164 1015 1562 1727 1870 1517 1540 1185 1259 1708 1721 1213 1893 1317 1743 1648 1994 1748 1850 1547 1459 1814 1201 1677 1044 1240 1761 1811 1181 1811 1584 1832 1123 1133 1053 1692 1745 1510 1506 1407 1571 1317 1100 1986 1254 1207 1255 1417 1618 1351 1231 1183 1550 1923 1881 1607 1978 1784 1050 1361 1565 1143 1607 1199 1111 1896 1594 1319 1772 1200 1572 1103 1731 1629 1655 1085 1558 1039 1790 1389 1790 1243 1363 1528 1804 1786 1535 BCNSPRNW ULIB Ver.6.0+V

เปลี่ยนเป็นภาษาไทย

Change to English
 แสดงรายละเอียดบรรณานุกรม
  กลับหน้าหลัก

Brief Record : Get Marc (ISO 2709) : E-mail record : QR code < ปิดหน้าต่าง
LEADER : 00000nam 2200000uu 4500
001    13399114547
003     ULIB
008    120412s2542||||th 000 0 tha d
020    ^a9747888688
060 04 ^aWA670^bช647ส 2542
100 0  ^aยุวดี คาดการณ์ไกล
245 10 ^aสถานการณ์ด้านสุขภาพและอนามัยสิ่งแวดล้อมในประเทศไทย จากอดีตสู่ปัจจุบัน /^cยุวดี คาดการณ์ไกล
260    ^aนนทบุรี :^bโครงการตำรา กรมอนามัย สำนักงานวิชาการ,^c2542
300    ^a132 หน้า :^bภาพประกอบ ;^c29 ซม.
500    ^aรายงานเสนอต่อองค์การอนามัยโลกปี พ.ศ.2538
500    ^aSend to Single Search
650  4 ^aสุขภาพกับสิ่งแวดล้อม
650  4 ^aปัญหาสุขภาพ
650  4 ^aอนามัยสิ่งแวดล้อม
650  4 ^aสิ่งแวดล้อม
700 0  ^aชูชัย ศุภวงศ์^eบรรณาธิการ
945    ^p0^l0^i8634
995    ^aกัณชพร
999 ^a ใช้งานได้ทุกระบบ
รายการนี้ยังไม่มีแท็ก
คุณยังไม่ได้ล็อกอิน คุณสามารถมีกิจกรรมร่วมกับเว็บไซต์ได้ แต่ต้องล็อกอินก่อน ::
  ล็อกอิน

รายการสื่อสารสนเทศ

ลำดับที่ ประเภท เลขเรียก/บาร์โค้ด สถานที่ สถานะ
- ไม่พบข้อมูล -

รายการใกล้เคียง
    ผู้แต่ง [ยุวดี คาดการณ์ไกล]

    หัวเรื่อง [ปัญหาสุขภาพ]
    หัวเรื่อง [อนามัยสิ่งแวดล้อม]
    หัวเรื่อง [สิ่งแวดล้อม]

BibComment


ยังไม่เคยถูกคอมเมนท์

คอมเมนท์ทรัพยากรรายการนี้
  คอมเมนท์: สถานการณ์ด้านสุข..


 Copyright 2026. Bcnsprnw @Library